UBT Library

ALGORITHMS, DATA STRUCTURES, AND PROBLEM SOLVING WITH (Record no. 23765)

000 -LEADER
fixed length control field 00321nam a22001337a 4500
008 - FIXED-LENGTH DATA ELEMENTS--GENERAL INFORMATION
fixed length control field 170816b xxu||||| |||| 00| 0 eng d
020 ## - INTERNATIONAL STANDARD BOOK NUMBER
International Standard Book Number 9780805316674
041 ## - LANGUAGE CODE
Language code of text/sound track or separate title eng
080 ## - UNIVERSAL DECIMAL CLASSIFICATION NUMBER
Universal Decimal Classification number 51
100 ## - Rafti
Rafti 36
101 ## - Shkurtesa
Shkurtesa MAT
245 ## - TITLE STATEMENT
Title ALGORITHMS, DATA STRUCTURES, AND PROBLEM SOLVING WITH
Statement of responsibility, etc WEISS,M.A
942 ## - ADDED ENTRY ELEMENTS (KOHA)
Source of classification or shelving scheme
Item type Books
Holdings
Withdrawn status Lost status Source of classification or shelving scheme Damaged status Not for loan Collection code Permanent location Current location Shelving location Date acquired Total Checkouts Full call number Barcode Date last seen Price effective from Koha item type
          Koleksioni i përgjithshem UBT - Lipjan UBT - Lipjan Koleksioni i përgjithshem 08/16/2017   51 WEI 002-2915645 08/16/2017 08/16/2017 Books
UBT Library © 2015-2024. All rights reserved University Education for Business and Technology